Principles of macroeconomics : (Record no. 329)

MARC details
000 -LEADER
fixed length control field 00774 a2200205 4500
005 - DATE AND TIME OF LATEST TRANSACTION
control field 20080819160323.0
010 ## - LCCN (DPL NO)
LC control number ENG-96621
020 ## - INTERNATIONAL STANDARD BOOK NUMBER
International Standard Book Number 8180544877
Terms of availability 160.00
035 ## - SYSTEM CONTROL NUMBER
System control number EN-80154
037 ## - SOURCE OF ACQUISITION
Source of stock number/acquisition DBAD/PUB
082 ## - DEWEY DECIMAL CLASSIFICATION NUMBER
Classification number 339
100 ## - MAIN ENTRY--PERSONAL NAME
Personal name Dhingra, I. C.
245 ## - TITLE STATEMENT
Title Principles of macroeconomics :
Remainder of title based on the revised new syllabus of B.A. programme, II year of University of Delhi
Statement of responsibility, etc by I.C. Dhingra and V. K. Garg
260 ## - PUBLICATION, DISTRIBUTION, ETC. (IMPRINT)
Place of publication, distribution, etc New Delhi
Name of publisher, distributor, etc Sultan Chand and Sons
Date of publication, distribution, etc 2009
270 ## - ADDRESS
Address 23, Darya Ganj,
City New Delhi
State or province Delhi
Postal code 110002
Telephone number 23266105
Fax number 23266357
300 ## - PHYSICAL DESCRIPTION
Extent xv, 375 p.
Dimensions 24 cm (Pbk)
700 ## - ADDED ENTRY--PERSONAL NAME
Personal name Garg, V. K.
9 (RLIN) 793
942 ## - ADDED ENTRY ELEMENTS (KOHA)
Institution code [OBSOLETE] dpl
Item type English Books
Call number prefix 339 / DHI
Source of classification or shelving scheme Dewey Decimal Classification
Classification part 339
Call number suffix DHI
Holdings
Withdrawn status Lost status Not for loan Collection code Home library Current library Source of acquisition Cost, normal purchase price Full call number Barcode Copy number Cost, replacement price Koha item type
    Not For Loan Non-fiction D.B.Act.Division D.B.Act.Division DBAD/PUB 160.00 339 DHI EN-68295 1 160.00 English Books

© Delhi Public Library
Hit Counter
free hit counter